000 00439nam a2200169 a 4500
001 3145
003 CO-ViMGA
008 141112s2004 ck r 000 u spa d
040 _aCO-ViMGA
_bspa
_cCO-ViMGA
082 0 4 _a641.813 S661
245 1 0 _aSopas :
_bcocina para todos
260 _aSantafé de Bogotá :
_bVoluntad,
_c1995
300 _a30 p : il
650 1 4 _aRECETAS DE COCINA
650 1 4 _aSOPAS - RECETAS
_952495
942 _2ddc
_cBK
999 _c15197
_d15197